| 000 | 00642nam a2200193Ia 4500 | ||
|---|---|---|---|
| 008 | 151119s9999||||xx |||||||||||||| ||und|| | ||
| 082 | _a791.53 | ||
| 082 | _bGKKV9338 | ||
| 100 | _aसामर देवीलाल | ||
| 245 | _aकठपुतली परंपरा और प्रयोग | ||
| 260 | _a-- | ||
| 260 | _b-- | ||
| 260 | _c2012 | ||
| 600 | _aसामर देवीलाल | ||
| 630 | _aकठपुतली परंपरा और प्रयोग | ||
| 700 | _aसामर देवीलाल | ||
| 730 | _aकठपुतली परंपरा और प्रयोग | ||
| 942 | _cBOOK | ||
| 999 |
_c1063657 _d1063654 |
||